000 01024nam a22002417a 4500
005 20240305165452.0
007 cr|||| ||||
008 170902s2017 es |||||s|||| 00||0 spa d
020 _a978-84-16608-75-1
035 _a20494
040 _avLex
090 _c6893
_d6893
100 1 _aGandía, Juan López
245 1 0 _aCooperativas y Seguridad Social
_h[Recurso electrónico] /
_cJuan López Gandía
256 _aServicio en línea
260 _aAlbacete:
_bEditorial Bomarzo,
_c2017
300 _a1 recurso electrónico
506 1 _aDisponible solo en los productos indicados
_dvLex Global
_dvLex Global (Academic Edition, excluding Law Schools)
_dvLex Global (U.S. Academic Edition, Law Schools)
_dvLex Global (U.S. Academic Edition, excluding Law Schools)
_dvLex Global (Academic Edition, Law Schools)
650 0 4 _aDerecho Laboral y Seguridad Social
_zEspaña
740 0 _avLex Libros (Servicio en línea)
856 4 0 _uhttps://app.vlex.com/#/sources/cooperativas-y-seguridad-social-20494
942 _cRAA
999 _c165140
_d165140